Návrh automatizovaného systému riadenia pre sklad a expedíciu liehu : Diplomová práca

Gespeichert in:
Bibliographische Detailangaben
1. Verfasser: Henek, Igor (Verfasst von)
Weitere Verfasser: Lobotka, Lubomír (xxx)
Format: Manuskript Buch
Sprache:Slowakisch
Veröffentlicht: Trnava : STU v Bratislave MtF KAIA, 1994
Schlagworte:
Tags: Tag hinzufügen
Keine Tags, Fügen Sie das erste Tag hinzu!

MARC

LEADER 00000ntm a22000003a 4500
001 stu74121
005 20160719155102.5
008 020219s1994----xo------------------slo-d
040 |a STU  |b slo 
041 0 |a slo 
044 |a xo 
100 1 |a Henek, Igor  |4 aut 
245 1 |a Návrh automatizovaného systému riadenia pre sklad a expedíciu liehu :  |b Diplomová práca 
260 |a Trnava :  |b STU v Bratislave MtF KAIA,  |c 1994 
300 |a 59 s  |c výťah + príl. 
650 7 |a ASR  |2 stusub 
650 7 |a Strojárska aplikovaná informatika  |2 stusub 
700 1 |a Lobotka, Lubomír  |4 xxx 
996 |b 284M041696  |c M*DP-1286  |l MMSKP  |s P  |a 0  |w stu74121_0001